75 yılda kadınlar ve erkekler (Record no. 1691)
[ view plain ]
| 000 -BAŞLIK | |
|---|---|
| Sabit Uzunlukta Kontrol Alanı | 00697na a2200229 4500 |
| 001 - KONTROL NUMARASI | |
| Denetim Alanı | 13146 |
| 003 - KONTROL NUMARASI IDENTIFIER | |
| Denetim Alanı | MIRAKIL |
| 005 - SON İŞLEM TARİHİ VE ZAMANI | |
| Denetim Alanı | 20181213154831.0 |
| 008 - SABİT-BOY VERİ ELEMANLARI - GENEL BİLGİLER | |
| Sabit Uzunlukta Kontrol Alanı | 161012b tu 000 0 |
| 020 ## - ULUSLARARASI STANDART KİTAP NUMARASI | |
| Uluslararası Standart Kitap Numarası | 975730641X |
| 035 ## - SİSTEM KONTROL NUMARASI | |
| Sistem Kontrol Numarası | 13146 |
| 040 ## - KATALOGLAMA KAYNAK | |
| Orijinal Kataloglama Ajansı | Milas |
| Kataloglama Dili | tur |
| Metne Dönüştürmek Ajansı | TR-AnCHP |
| 041 ## - DİL KODU | |
| Metin / Ses Parça Veya Ayrı Başlığın Dil Kodu | tur |
| 082 ## - DEWEY ONLU SINIFLANDIRMA NUMARASI | |
| Sınıflandırma Numarası | 305.3 |
| Ürün Numarası | Y37 1998 |
| 090 ## - SINIFLAMA NUMARASI | |
| Sınıflama Numarası | 305.3 Y37 1998 |
| 245 ## - BAŞLIK TABLOSU | |
| Başlık | 75 yılda kadınlar ve erkekler |
| Sorumluluk Tablosu, Vb | Editör Ayşe Berktay Hacımirzaoğlu |
| 260 ## - YAYIN, DAĞITIM, VB | |
| Yayın, Dağıtım, Vb Yeri | İstanbul |
| Yayıncı, Dağıtıcı, Vs Adı | Türkiye İş Bankası, Türkiye Ekonomik Toplumsal Tarih Vakfı |
| Yayın, Dağıtım, Vb Tarihi | 1998 |
| 300 ## - FİZİKSEL TANIM | |
| Kapsam | 375 s. |
| Diğer Fiziksel Ayrıntıları | fotğ. ; tbl. |
| Boyutlar | 25 sm. |
| 650 ## - KONU KATMA GİRİŞ - TOPİKAL DÖNEM | |
| Topikal Süreli Veya Coğrafi Ad Giriş Elemanı | Sosyal gruplar |
| Genel Alt Bölümü | Kadınlar |
| -- | Erkekler |
| 700 ## - KATMA GİRİŞ - KİŞİSEL İSİM | |
| Kişisel Ad | Hacımirzaoğlu, Ayşe Berktay |
| 942 ## - EKLENDİ GİRİŞ ELEMANLARI (KOHA) | |
| Sınıflandırma Veya Raf Düzeni Kaynak | Dewey Decimal Classification |
| Koha Öğesi Türü | Books |
| 999 ## - SİSTEM KONTROL NUMARALARI (KOHA) | |
| Koha Biblionumber | 1691 |
| Koha Biblioitemnumber | 1691 |
| Kalıcı Konum | Mevcut Konum | Edinme Tarihi | Edinim Kaynak | Toplam Check-Out'Lar | Tam Çağrı Numarası | Barkod | Tarih Son Görülme | İtibaren Geçerli Fiyatlar | Koha Öğesi Türü |
|---|---|---|---|---|---|---|---|---|---|
| CHP Kütüphanesi | CHP Kütüphanesi | 08/09/2016 | Bağış | 305.3 Y37 1998 | 000830 | 08/09/2016 | 08/09/2016 | Books |
